AOHNA: Ejercicios de griego. Segundo curso
Gardado en:
| Autor Principal: | |
|---|---|
| Formato: | Libro |
| Idioma: | Greek |
| Publicado: |
Barcelona, España
Bosch
1973
|
| Edición: | 10 |
| Materias: | |
| Etiquetas: |
Engadir etiqueta
Sen Etiquetas, Sexa o primeiro en etiquetar este rexistro!
|
MARC
| LEADER | 00000nam a2200000Ia 4500 | ||
|---|---|---|---|
| 008 | 170316s9999 xx 000 0 gre d | ||
| 999 | |c 3863 |d 3863 | ||
| 040 | |a cru BVZT | ||
| 090 | |a 415-G B-1e v.2 | ||
| 100 | |a Berenguer Amenós, Jaime | ||
| 245 | |a AOHNA: Ejercicios de griego. Segundo curso |c Jaime Berenguer Amenós | ||
| 250 | |a 10 | ||
| 260 | |a Barcelona, España |b Bosch |c 1973 | ||
| 300 | |a 240 páginas. Vol. 2 | ||
| 650 | |a GRAMÁTICA GRIEGA | ||
| 650 | |a VERBOS | ||
| 650 | |a ADJETIVOS | ||
| 650 | |a PREPOSICIÓN | ||
| 650 | |a ADVERBIO | ||
| 650 | |a VOCABULARIO EN GRIEGO | ||
| 942 | |c 4 D |h 415-G B-1e v.2 |2 z | ||
